Introducción a la probabilidad y estadística / (Record no. 116729)
[ view plain ]
| 000 -CABECERA | |
|---|---|
| campo de control de longitud fija | 00685nam a2200205 a 4500 |
| 005 - FECHA Y HORA DE LA ÚLTIMA TRANSACCIÓN | |
| campo de control | 20241106063714.0 |
| 008 - ELEMENTOS DE LONGITUD FIJA--INFORMACIÓN GENERAL | |
| campo de control de longitud fija | 060522s2000 mx r 000 0 spa d |
| 020 ## - NÚMERO INTERNACIONAL NORMALIZADO PARA LIBROS | |
| Número Internacional Estándar del Libro | 8448125045 |
| 035 ## - NÚMERO DE CONTROL DEL SISTEMA | |
| Número de control de sistema | UPN01000144582 |
| 049 ## - COLECCIÓN | |
| Colección | CG |
| 050 #4 - SIGNATURA TOPOGRÁFICA DE LA BIBLIOTECA DEL CONGRESO | |
| Número de clasificación | QA273.25 |
| Número de documento/Ítem | L5.4 |
| 100 1# - ASIENTO PRINCIPAL--NOMBRE PERSONAL | |
| Nombre de persona | Lipschutz, S. Seymour, |
| Fechas asociadas al nombre | 1931- |
| 9 (RLIN) | 29039 |
| 245 10 - MENCIÓN DE TÍTULO | |
| Título | Introducción a la probabilidad y estadística / |
| Mención de responsabilidad, etc. | Seymour Lipschutz, Jhon J. Schiller ; tr. Pedro Cortiñas Vázquez. |
| 260 ## - PUBLICACIÓN, DISTRIBUCIÓN, ETC. | |
| Lugar de publicación, distribución, etc. | Madrid : |
| Nombre del editor, distribuidor, etc. | McGraw-Hill, |
| Fecha de publicación, distribución, etc. | c2000. |
| 300 ## - DESCRIPCIÓN FÍSICA | |
| Extensión | 452 p. |
| 650 #4 - ASIENTO SECUNDARIO DE MATERIA - TERMINO TEMATICO | |
| Término de materia o nombre geográfico como elemento de entrada | PROBABILIDADES - |
| Subdivisión de forma | PROBLEMAS, EJERCICIOS, ETC. |
| 9 (RLIN) | 27349 |
| 650 #4 - ASIENTO SECUNDARIO DE MATERIA - TERMINO TEMATICO | |
| Término de materia o nombre geográfico como elemento de entrada | Estadística matemática |
| 9 (RLIN) | 8767 |
| 700 1# - ASIENTO SECUNDARIO--NOMBRE DE PERSONAL | |
| Nombre de persona | Schiller, Jhon J., |
| Término indicativo de función/relación | coaut. |
| 905 ## - TIPO DE MATERIAL | |
| Tipo de material | Libro |
| Estado de retiro | Estado de pérdida | Fuente del sistema de clasificación o colocación | Estado dañado | No para préstamo | Código de colección | Localización permanente | Ubicación/localización actual | Ubicación en estantería | Fecha de adquisición | Enumeración/cronología de publicación seriada | Total de préstamos | Clasificación | Código de barras | Fecha visto por última vez | Fecha del último préstamo | Número de copia | Tipo de ítem Koha |
|---|---|---|---|---|---|---|---|---|---|---|---|---|---|---|---|---|---|
| Library of Congress Classification | Colección General | Bib. Gregorio Torres Quintero | Bib. Gregorio Torres Quintero | Planta baja | 22/09/2022 | - | 30 | QA273.25 L5.4 | 237233 | 28/04/2023 | 17/04/2023 | 1 | Libro |
